Φορτώνει......
Higher education in transition, an American history: 1636-1956 /
| Κύριος συγγραφέας: | |
|---|---|
| Άλλοι συγγραφείς: | |
| Μορφή: | Printed Book |
| Γλώσσα: | English |
| Έκδοση: |
Harper & Row Pub.,
1958.
|
| LEADER | 00518nam a2200145Ia 4500 | ||
|---|---|---|---|
| 008 | 150624b xxu||||| |||| 00| 0 eng d | ||
| 082 | |a 378.73 | ||
| 100 | |a Brubacher, John S. | ||
| 245 | |a Higher education in transition, an American history: |b 1636-1956 / |c John S. Brubacher | ||
| 260 | |b Harper & Row Pub., |c 1958. | ||
| 300 | |a 494 p. | ||
| 700 | |a Rudy, Willis | ||
| 942 | |c BK | ||
| 999 | |c 11738 |d 11738 | ||
| 952 | |0 0 |1 0 |4 0 |6 378_730000000000000_BRU_H |7 0 |9 11737 |a UL |b UL |c SEC |d 1998-09-01 |l 0 |o 378.73 BRU/H |p 17749 |r 2012-10-27 |w 2012-10-27 |y BK | ||